00678 a2200193 450000100060000002000180000604000220002410000300004624000200007624500150009630000080011136200090011944000180012865001150014694200070026195200900026895201090035899900170046762856 a9788506058589 cAnchieta - Pituba aPolito, André Guilherme10aMichaellislita10aMichaellis a7660 a2009 1aMelhoramentos 4aEnciclopédias gerais (almanaques, anuários enciclopédicos e obras de carácter geral sobre curiosidades cBK 00104070a91.1b91.1d2023-11-21l0p16113/PITr2023-11-21 18:31:29w2023-11-21yBK 00104070a91.1b91.1d2023-11-21l0o035 P769m POL MICp17862/PITr2023-11-21 18:31:29w2023-11-21yBK c62856d62856